000 00396nam a2200145Ia 4500
003 GCL
008 140319s9999 xx 000 0 ara d
040 _aGCL /
_cGCL
082 0 4 _a270
_bا ل
100 1 _aابراهيم سعيد
245 1 0 _aلماذا اؤمن /
_cابراهيم سعيد
260 _a[S.N] :
_bدار الثقافة العربية ،
_c1989
300 _a166 ص
490 _a
999 _c53961
_d53961